LEADER 01138nam a22002651i 4500 001 991000288399707536 005 20040805155949.0 008 040920s1999 it |||||||||||||||||ita 035 $ab13200665-39ule_inst 035 $aARCHE-114690$9ExL 040 $aSet. Economia$bita$cA.t.i. Arché s.c.r.l. Pandora Sicilia s.r.l. 082 04$a334 100 1 $aSangalli, Flavio$0108392 245 13$aLa cooperativa eccellente :$bcome gestire con successo le imprese sociali attraverso il management per priorità e per processi, la pianificazione imprenditoriale e le reti cooperative /$cFlavio Sangalli ; prefazione di Stefano Zamagni 260 $aMilano :$bIl sole-24 ore,$c1999 300 $aXVIII, 189 p. ;$c24 cm 440 0$aProfessione impresa 650 4$aCooperative 700 1 $aZamagni, Stefano 907 $a.b13200665$b02-04-14$c23-09-04 912 $a991000288399707536 945 $aLE025 LIB B 1818 [smarrito]$g1$i2025000184510$lle025$nC. 1$o-$pE0.00$q-$rl$sm $t0$u0$v0$w0$x0$y.i13854884$z23-09-04 996 $aCooperativa eccellente$91103333 997 $aUNISALENTO 998 $ale025$b23-09-04$cm$da $e-$fita$git $h3$i1 LEADER 02266nam1 2200481 i 450 001 RMG0019895 005 20251003044336.0 010 $a8820495759 020 $aIT$b97-7598 100 $a19960507d1996 ||||0itac50 ba 101 | $aita 102 $ait 181 1$6z01$ai $bxxxe 182 1$6z01$an 183 1$6z01$anc$2RDAcarrier 200 1 $aˆLa ‰scelta federale$eargomenti e proposte per una nuova organizzazione dello Stato$fGordon Tullock$ga cura di Andrea Villani 210 $aMilano$cF. Angeli$d©1996 215 $a175 p.$d22 cm 225 | $aSocietà e politica$v51 300 $aTrad. di A. Villani. 410 0$1001CFI0011732$12001 $aSocietà e politica$v51 464 1$1001LO11701150$12001 $aDal regionalismo al federalismo nel dibattito italiano$fdi Andrea Villani$1700 1$aVillani$b, Andrea$f <1934- >$3CFIV344932$4070 464 1$1001LO11701151$12001 $aˆIl ‰federalismo in una prospettiva di Public Choice$fdi Filip Palda$1700 1$aPalda$b, Filip$3PUVV164972$4070 500 10$aˆThe ‰new federalist.$3RMG0019896$9MILV030440$915163 606 $aFederalismo$2FIR$3CFIC010095$9E 606 $aDecentramento politico$2FIR$3CFIC091204$9E 676 $a320.8$9GOVERNO LOCALE$v21 676 $a321.02$9Forme di governo e di stato. Forme federali$v12 676 $a321.02$9Forme di governo e di stato. Sistemi federali.$v20 676 $a321.020945$9STATI FEDERALI. Italia$v23 696 $aMovimenti federalisti 699 $aFederalismo$yMovimenti federalisti 700 1$aTullock$b, Gordon$3MILV030440$4070$0119568 702 1$aVillani$b, Andrea$f <1934- >$3CFIV344932 801 3$aIT$bIT-000000$c19960507 850 $aIT-BN0095 901 $bNAP 01$cPOZZO LIB.$nVi sono collocati fondi di economia, periodici di ingegneria e scienze, periodici di economia e statistica e altri fondi comprendenti documenti di economia pervenuti in dono. 912 $aRMG0019895 950 1$aBiblioteca Centralizzata di Ateneo$c1 v.$d 01POZZO LIB.ECON MON 8551$e 0101 0000098795E VMA 1 v. (Precedente collocazione GUERRAZZI B 1073)$fB $h20080410$i20080410 967 $n2 977 $a 01 996 $aNew federalist$915163 997 $aUNISANNIO